[Event "Benidorm 2002 - sub2300"]
[Site "Benidorm ESP"]
[Date "2002.11.28"]
[Round "7.1"]
[White "Fontana Sotomayor, Luis J."]
[Black "Contreras Rodriguez, Henry"]
[Result "1-0"]
[WhiteElo "2268"]
[BlackElo "2286"]
[PlyCount "91"]
[EventDate "2002.11.22"]
[EventType "swiss"]
[EventRounds "9"]
[EventCountry "ESP"]
[Source "lmi"]
[SourceDate "2002.11.24"]

1. Nc3 c5 2. e4 d6 3. Nge2 Nf6 4. g3 g6 5. Bg2 Bg7 6. O-O Nc6 7. Nd5 O-O 8. c3
Rb8 9. a4 c4 10. d3 cxd3 11. Qxd3 Ne5 12. Qd1 Nxd5 13. exd5 Bg4 14. f3 Qb6+ 15.
Kh1 Bf5 16. g4 Bd3 17. f4 Qa6 18. Ng3 Nd7 19. Re1 Nc5 20. Be3 Rbe8 21. b4 Bxc3
22. bxc5 Bxe1 23. Qxe1 e6 24. Qc3 exd5 25. Bd4 Bc4 26. f5 f6 27. fxg6 hxg6 28.
c6 bxc6 29. Bxf6 Qb6 30. g5 Qf2 31. Ne4 Qf4 32. Bh8 Re7 33. Nf6+ Kf7 34. Qh3
Rxh8 35. Qxh8 Qxg5 36. Ng8 Re5 37. Nh6+ Ke7 38. Qg7+ Ke8 39. Nf7 Qe7 40. Qg8+
Kd7 41. Nxe5+ dxe5 42. Rb1 Qf6 43. Rb7+ Kd6 44. Rf7 Qh4 45. Qf8+ Ke6 46. Bh3+
1-0

[Event "Benidorm 2002 - sub2300"]
[Site "Benidorm ESP"]
[Date "2002.11.28"]
[Round "7.2"]
[White "Buenafe Moya, Javier"]
[Black "Ferron Garcia, Carlos"]
[Result "1-0"]
[WhiteElo "2254"]
[BlackElo "2283"]
[PlyCount "157"]
[EventDate "2002.11.22"]
[EventType "swiss"]
[EventRounds "9"]
[EventCountry "ESP"]
[Source "lmi"]
[SourceDate "2002.11.24"]

1. e4 e5 2. Nf3 Nc6 3. d4 exd4 4. Nxd4 Bc5 5. Be3 Qf6 6. c3 Nge7 7. Nc2 Bxe3 8.
Nxe3 d6 9. g3 Bd7 10. Bg2 O-O-O 11. Nd2 h5 12. Nf3 Ne5 13. Qe2 Bc6 14. Nd4 Bd7
15. f4 N5c6 16. O-O-O g5 17. Rhf1 gxf4 18. Rxf4 Qg6 19. Qf2 Ne5 20. Nef5 Ng8
21. Nh4 Qh7 22. Ndf3 b6 23. Nxe5 dxe5 24. Rxf7 Qh6+ 25. Kb1 Qe6 26. Qf1 Nh6 27.
Rf6 Qe8 28. Ng6 Rh7 29. Qa6+ Kb8 30. Rf8 Qxf8 31. Nxf8 Rxf8 32. h3 Rhf7 33. Rf1
Rf2 34. Qd3 Bc6 35. Rxf2 Rxf2 36. Bf3 Nf7 37. Qe3 Rf1+ 38. Kc2 Nd6 39. Bg2 Nc4
40. Qe2 Rg1 41. Qxc4 Rxg2+ 42. Kb3 Kb7 43. Qd3 Rg1 44. Qe3 Rh1 45. Qg5 Rxh3 46.
Qxe5 h4 47. g4 Re3 48. Qg5 Rxe4 49. Qxh4 Ba4+ 50. Ka3 Bd7 51. Qh7 Bc6 52. g5
Ra4+ 53. Kb3 Rg4 54. Qf5 Rg2 55. g6 Rd2 56. g7 Rd8 57. Qf7 Bd5+ 58. Qxd5+ Rxd5
59. g8=Q Rd6 60. Qe8 Rh6 61. Qe4+ Kb8 62. Qd5 Rd6 63. Qg2 Rd8 64. Ka4 Rh8 65.
Kb5 Rh5+ 66. Kc4 Rh4+ 67. Kd3 Rh8 68. b4 Rd8+ 69. Ke4 Rd6 70. Ke5 Rd1 71. Qf3
Rd8 72. a4 Rd2 73. a5 bxa5 74. bxa5 a6 75. Qc6 Re2+ 76. Kd5 Rc2 77. c4 Rh2 78.
Qxa6 Rh5+ 79. Kd4 1-0

[Event "Benidorm 2002 - sub2300"]
[Site "Benidorm ESP"]
[Date "2002.11.28"]
[Round "7.3"]
[White "Taboas Rodriguez, Daniel"]
[Black "Pascual Paredes, Javier"]
[Result "1-0"]
[WhiteElo "2298"]
[BlackElo "2220"]
[PlyCount "107"]
[EventDate "2002.11.22"]
[EventType "swiss"]
[EventRounds "9"]
[EventCountry "ESP"]
[Source "lmi"]
[SourceDate "2002.11.24"]

1. d4 Nf6 2. Nf3 g6 3. c4 Bg7 4. Nc3 d6 5. e4 O-O 6. Be2 Na6 7. Bg5 h6 8. Be3
Ng4 9. Bd2 e5 10. d5 c6 11. O-O Nf6 12. Qc2 Nh5 13. Qc1 Kh7 14. Ne1 Bd7 15. g3
Rc8 16. Qd1 Nf6 17. Nd3 Ng8 18. Kh1 cxd5 19. cxd5 f5 20. f4 fxe4 21. Nf2 Nc5
22. Nfxe4 Nxe4 23. Nxe4 Bf5 24. Nc3 Bh3 25. Rf3 Qb6 26. Qb3 Bg4 27. Re3 exf4
28. Qxb6 axb6 29. gxf4 Bf5 30. Bd3 Bxd3 31. Rxd3 Nf6 32. Rf1 Nh5 33. Ne4 Be5
34. Rdf3 Bxb2 35. Nxd6 Rc2 36. Bb4 Rd8 37. Rd1 Nf6 38. Rfd3 Ng4 39. R3d2 Nf2+
40. Kg1 Nh3+ 41. Kf1 Rxd2 42. Rxd2 Bc1 43. Re2 Bxf4 44. Re7+ Kg8 45. Ne4 Bg5
46. Nxg5 Nxg5 47. d6 Nf7 48. d7 Kg7 49. Bc3+ Kf8 50. Bf6 Ne5 51. Re8+ Rxe8 52.
dxe8=Q+ Kxe8 53. Bxe5 Kd7 54. Bg7 1-0

[Event "Benidorm 2002 - sub2300"]
[Site "Benidorm ESP"]
[Date "2002.11.28"]
[Round "7.4"]
[White "Bosque Ortega, Javier"]
[Black "Bolado Saez, Sergio"]
[Result "1/2-1/2"]
[WhiteElo "2249"]
[BlackElo "2288"]
[PlyCount "43"]
[EventDate "2002.11.22"]
[EventType "swiss"]
[EventRounds "9"]
[EventCountry "ESP"]
[Source "lmi"]
[SourceDate "2002.11.24"]

1. d4 g6 2. Nf3 Bg7 3. Bf4 d6 4. e3 Nd7 5. h3 e5 6. Bh2 Nh6 7. dxe5 dxe5 8. Nc3
O-O 9. Bc4 c6 10. Qd2 Qe7 11. Rd1 Nf5 12. Ne4 Nb6 13. Bb3 Be6 14. Bxe6 Qxe6 15.
O-O Qxa2 16. b3 Qa3 17. Bxe5 Bxe5 18. Nxe5 Qe7 19. Ng4 f6 20. Nd6 Nxd6 21. Qxd6
Qxd6 22. Rxd6 1/2-1/2

[Event "Benidorm 2002 - sub2300"]
[Site "Benidorm ESP"]
[Date "2002.11.28"]
[Round "7.5"]
[White "Rocabert Andreu, Guillermo"]
[Black "Carbonell Bofill, Carlos"]
[Result "1-0"]
[WhiteElo "2234"]
[BlackElo "2278"]
[PlyCount "75"]
[EventDate "2002.11.22"]
[EventType "swiss"]
[EventRounds "9"]
[EventCountry "ESP"]
[Source "lmi"]
[SourceDate "2002.11.24"]

1. d4 Nf6 2. Nf3 c5 3. c4 cxd4 4. Nxd4 g6 5. g3 Bg7 6. Bg2 O-O 7. Nc3 Nc6 8.
O-O Qb6 9. Nc2 Ne5 10. b3 Nfg4 11. Nd5 Qd8 12. Bg5 f6 13. Bd2 f5 14. Rc1 Rb8
15. Bb4 Nc6 16. Ba3 b6 17. e4 Bb7 18. exf5 gxf5 19. Nxe7+ Nxe7 20. Bxe7 Qxe7
21. Bxb7 Rxb7 22. Qd5+ Kh8 23. Qxb7 f4 24. Qd5 Qe2 25. Nd4 Qb2 26. Nc2 fxg3 27.
fxg3 Rg8 28. Qe4 Be5 29. Rce1 d6 30. Re2 Qc3 31. Rf3 Qb2 32. Kg2 Qxa2 33. Ne1
Qa3 34. Rf7 Nf6 35. Qf5 Rg6 36. Nf3 Ba1 37. Nh4 Rh6 38. Qxf6+ 1-0

[Event "Benidorm 2002 - sub2300"]
[Site "Benidorm ESP"]
[Date "2002.11.28"]
[Round "7.6"]
[White "Buchenau, Frank"]
[Black "Gomez Anadon, Daniel"]
[Result "0-1"]
[WhiteElo "2276"]
[BlackElo "2218"]
[PlyCount "52"]
[EventDate "2002.11.22"]
[EventType "swiss"]
[EventRounds "9"]
[EventCountry "ESP"]
[Source "lmi"]
[SourceDate "2002.11.24"]

1. e4 c5 2. b3 d6 3. Bb2 Nf6 4. Bb5+ Bd7 5. Bxd7+ Qxd7 6. Nc3 e6 7. f4 Nc6 8.
Nf3 Be7 9. O-O O-O 10. e5 dxe5 11. fxe5 Nxe5 12. Nxe5 Qd4+ 13. Kh1 Qxe5 14. Qf3
b6 15. Rae1 Qh5 16. Qb7 Bd6 17. h3 Qg6 18. Nb5 Bg3 19. Re3 Nh5 20. Rd3 e5 21.
Nxa7 e4 22. Nc6 Bd6 23. Rxd6 Qxd6 24. Ne7+ Kh8 25. Rxf7 Rab8 26. Nf5 Rxb7 0-1

[Event "Benidorm 2002 - sub2300"]
[Site "Benidorm ESP"]
[Date "2002.11.28"]
[Round "7.7"]
[White "Lacrosse, Marc"]
[Black "Rodriguez Gonzalez, Javier"]
[Result "1-0"]
[WhiteElo "2256"]
[BlackElo "2142"]
[PlyCount "85"]
[EventDate "2002.11.22"]
[EventType "swiss"]
[EventRounds "9"]
[EventCountry "ESP"]
[Source "lmi"]
[SourceDate "2002.11.24"]

1. d4 d5 2. c4 e6 3. Nf3 Nf6 4. Bg5 Nbd7 5. cxd5 exd5 6. Nc3 Be7 7. e3 O-O 8.
Qc2 a6 9. Bd3 Re8 10. O-O Nf8 11. Rab1 g6 12. b4 Ne6 13. Bh4 Ng7 14. Rfc1 Bf5
15. Na4 Bxd3 16. Qxd3 Nf5 17. Bxf6 Bxf6 18. Nc5 Nd6 19. a4 b5 20. Ra1 Nc4 21.
Ra2 Be7 22. Rca1 Bxc5 23. dxc5 Rc8 24. axb5 axb5 25. Ra7 c6 26. Qc3 Rc7 27. h3
Qe7 28. Rxc7 Qxc7 29. Ra6 Qc8 30. Qa1 h6 31. Ra7 Qe6 32. Ra8 Rc8 33. Nd4 Qe8
34. Rxc8 Qxc8 35. Qa7 Kg7 36. Qe7 Qa8 37. Ne6+ Kg8 38. Qd8+ Qxd8 39. Nxd8 Ne5
40. f4 Nd3 41. Nxc6 Kf8 42. Kf1 Ke8 43. Ke2 1-0

[Event "Benidorm 2002 - sub2300"]
[Site "Benidorm ESP"]
[Date "2002.11.28"]
[Round "7.8"]
[White "Cardenas Valero, Ramon"]
[Black "Fenollar Jorda, Manuel"]
[Result "1-0"]
[WhiteElo "2300"]
[BlackElo "2235"]
[PlyCount "85"]
[EventDate "2002.11.22"]
[EventType "swiss"]
[EventRounds "9"]
[EventCountry "ESP"]
[Source "lmi"]
[SourceDate "2002.11.24"]

1. e4 e5 2. Nc3 Nf6 3. f4 d5 4. fxe5 Nxe4 5. Nf3 Be7 6. d3 Nxc3 7. bxc3 c5 8.
Be2 O-O 9. O-O Nc6 10. Bf4 Be6 11. Qd2 Qd7 12. Rae1 b5 13. d4 c4 14. Bd1 b4 15.
cxb4 c3 16. Qf2 Nxb4 17. a3 Na6 18. Qg3 Kh8 19. Be2 Nb8 20. Bd3 Nc6 21. Bg5 Bf5
22. Bxe7 Nxe7 23. Ng5 h6 24. Rxf5 Nxf5 25. Qh3 Kg8 26. Bxf5 Qa4 27. Nf3 Qxa3
28. Bd3 Qe7 29. e6 fxe6 30. Rxe6 Qf7 31. Ra6 Qf4 32. Qe6+ Kh8 33. Qg6 Qe3+ 34.
Kf1 Rxf3+ 35. gxf3 Qxf3+ 36. Kg1 Qd1+ 37. Kg2 Qd2+ 38. Kh1 Qd1+ 39. Qg1 Qf3+
40. Qg2 Qd1+ 41. Qf1 Qg4 42. Rxa7 Re8 43. Re7 1-0

[Event "Benidorm 2002 - sub2300"]
[Site "Benidorm ESP"]
[Date "2002.11.28"]
[Round "7.9"]
[White "Mate Adan, Carlos"]
[Black "Rodrigues, Afonso"]
[Result "1-0"]
[WhiteElo "2296"]
[BlackElo "2218"]
[PlyCount "73"]
[EventDate "2002.11.22"]
[EventType "swiss"]
[EventRounds "9"]
[EventCountry "ESP"]
[Source "lmi"]
[SourceDate "2002.11.24"]

1. d4 d5 2. c4 c6 3. cxd5 cxd5 4. Nc3 Nf6 5. Bf4 Nc6 6. e3 Bf5 7. Nf3 Qb6 8.
Bd3 Bxd3 9. Qxd3 e6 10. O-O Be7 11. Rfc1 O-O 12. Na4 Qd8 13. Qb5 Qd7 14. Nc5
Bxc5 15. Rxc5 Rfc8 16. Rac1 Ne7 17. Qb4 Rxc5 18. dxc5 Ng6 19. Ne5 Nxe5 20. Bxe5
Ne8 21. b3 Rc8 22. h3 f6 23. Bb2 Rc6 24. a4 Qc8 25. e4 dxe4 26. Qxe4 e5 27. b4
b6 28. Qd5+ Kh8 29. Ba3 bxc5 30. b5 Rc7 31. Rxc5 h6 32. a5 Rxc5 33. Bxc5 Kh7
34. Bxa7 Qc1+ 35. Kh2 Nc7 36. Qc6 Qxc6 37. bxc6 1-0

[Event "Benidorm 2002 - sub2300"]
[Site "Benidorm ESP"]
[Date "2002.11.28"]
[Round "7.10"]
[White "Martinez Tormo, Jorge"]
[Black "Baños, Oscar"]
[Result "1/2-1/2"]
[WhiteElo "2194"]
[BlackElo "2284"]
[PlyCount "132"]
[EventDate "2002.11.22"]
[EventType "swiss"]
[EventRounds "9"]
[EventCountry "ESP"]
[Source "lmi"]
[SourceDate "2002.11.24"]

1. e4 c5 2. Nf3 Nc6 3. Bb5 e5 4. O-O Nge7 5. c3 g6 6. d4 cxd4 7. cxd4 exd4 8.
Nxd4 Bg7 9. Be3 O-O 10. Nc3 d5 11. exd5 Nxd5 12. Nxc6 bxc6 13. Bxc6 Nxe3 14.
Qxd8 Rxd8 15. fxe3 Rb8 16. Bd5 Bxc3 17. Bxf7+ Kg7 18. bxc3 Rb2 19. c4 Rdd2 20.
Bd5 Be6 21. Rfd1 Bxd5 22. Rxd2 Rxd2 23. cxd5 Kf6 24. e4 Ke5 25. Re1 Rxa2 26.
Kf1 a5 27. Re2 Ra1+ 28. Kf2 a4 29. Rd2 Rb1 30. d6 Rb8 31. Ke3 Rb3+ 32. Ke2 Rb8
33. d7 Rd8 34. Ke3 a3 35. g3 Ke6 36. Rd3 Rxd7 37. Rxa3 h6 38. Ra6+ Kf7 39. Kf4
Re7 40. h4 h5 41. e5 Kg7 42. Ke4 Rd7 43. Rd6 Ra7 44. Kd5 Ra3 45. Ke6 Rxg3 46.
Rd7+ Kh6 47. Kf7 g5 48. Rd6+ Kh7 49. hxg5 Rxg5 50. e6 Rf5+ 51. Ke8 Kg7 52. e7
Re5 53. Rd2 Kf6 54. Kd8 Kf5 55. Rd4 Kg5 56. e8=Q Rxe8+ 57. Kxe8 h4 58. Kf7 h3
59. Rd5+ Kg4 60. Kg6 h2 61. Rd1 Kg3 62. Kg5 Kg2 63. Rd2+ Kg3 64. Rd3+ Kg2 65.
Rd2+ Kg3 66. Rd3+ Kf2 1/2-1/2

[Event "Benidorm 2002 - sub2300"]
[Site "Benidorm ESP"]
[Date "2002.11.28"]
[Round "7.11"]
[White "Renteria Becerra, Jorge"]
[Black "Milla de Marco, Carlos"]
[Result "0-1"]
[WhiteElo "2280"]
[BlackElo "2041"]
[PlyCount "68"]
[EventDate "2002.11.22"]
[EventType "swiss"]
[EventRounds "9"]
[EventCountry "ESP"]
[Source "lmi"]
[SourceDate "2002.11.24"]

1. e4 d6 2. d4 Nf6 3. Nc3 e5 4. Nf3 Nbd7 5. Bc4 Be7 6. O-O O-O 7. Re1 c6 8. a4
a5 9. h3 h6 10. Qe2 Re8 11. dxe5 dxe5 12. Rd1 Qc7 13. Nh4 Nc5 14. Nf5 Bxf5 15.
exf5 e4 16. Qe3 Bd6 17. g4 Ncd7 18. Bf1 Rad8 19. Qe2 Nb6 20. g5 hxg5 21. Bxg5
Nbd5 22. Nxd5 cxd5 23. Bxf6 gxf6 24. Kh1 Bc5 25. c4 d4 26. Bg2 Qe5 27. Qg4+ Kf8
28. Re1 e3 29. fxe3 dxe3 30. Bd5 Re7 31. Rg1 Ke8 32. Qg2 e2 33. Bxb7 Rxb7 34.
Rge1 Re7 0-1

[Event "Benidorm 2002 - sub2300"]
[Site "Benidorm ESP"]
[Date "2002.11.28"]
[Round "7.12"]
[White "Sarto Ramos, Angel"]
[Black "Varga Nowak, Mariano"]
[Result "0-1"]
[WhiteElo "2098"]
[BlackElo "2275"]
[PlyCount "46"]
[EventDate "2002.11.22"]
[EventType "swiss"]
[EventRounds "9"]
[EventCountry "ESP"]
[Source "lmi"]
[SourceDate "2002.11.24"]

1. c4 Nf6 2. Nc3 d5 3. cxd5 Nxd5 4. g3 g6 5. Bg2 Nb6 6. d3 Bg7 7. Be3 Nc6 8.
Bxc6+ bxc6 9. Qd2 h6 10. Rc1 Nd5 11. Nf3 Nxe3 12. Qxe3 Bh3 13. b3 O-O 14. Na4
Qd5 15. Rc5 Qd6 16. Qe4 Bg2 17. Rg1 Bxf3 18. Qxf3 Qd4 19. Kd2 Qb4+ 20. Kc2 Qa3
21. Kb1 Rab8 22. Qxc6 Rb4 23. Rc2 Rxb3+ 0-1

[Event "Benidorm 2002 - sub2300"]
[Site "Benidorm ESP"]
[Date "2002.11.28"]
[Round "7.13"]
[White "Madina, Martin"]
[Black "Riquelme Valero, Manuel"]
[Result "1-0"]
[WhiteElo "2240"]
[BlackElo "2193"]
[PlyCount "103"]
[EventDate "2002.11.22"]
[EventType "swiss"]
[EventRounds "9"]
[EventCountry "ESP"]
[Source "lmi"]
[SourceDate "2002.11.24"]

1. e4 c6 2. Nc3 d5 3. Nf3 dxe4 4. Nxe4 Nf6 5. Nxf6+ exf6 6. h3 Bd6 7. Be2 O-O
8. O-O Re8 9. d4 Nd7 10. Be3 Nf8 11. Qd2 Be6 12. Rfe1 Qd7 13. Bf1 Ng6 14. c4
Rad8 15. Rad1 Bb8 16. Qc1 Qc7 17. g3 h5 18. Bg2 Qd7 19. h4 Qc7 20. Bd2 Re7 21.
b3 Red7 22. Bc3 Bg4 23. Rd2 a6 24. Qa3 Qc8 25. Nh2 Re8 26. Rxe8+ Qxe8 27. Nxg4
hxg4 28. Rd1 Bd6 29. Qc1 Re7 30. h5 Nf8 31. h6 g6 32. d5 Be5 33. Bb4 Rd7 34.
dxc6 bxc6 35. Re1 Qc8 36. Qc2 c5 37. Bd2 Kh7 38. Bd5 Re7 39. Kg2 f5 40. Bxf7
Qc7 41. Bd5 Bd4 42. Bf4 Qd7 43. Qd2 Ne6 44. Be5 Nc7 45. Bxd4 Nxd5 46. Rxe7+
Nxe7 47. Be3 Qc6+ 48. Kg1 Qc7 49. Bf4 Qc8 50. Qd6 Ng8 51. Be3 Nxh6 52. Qe7+ 1-0

[Event "Benidorm 2002 - sub2300"]
[Site "Benidorm ESP"]
[Date "2002.11.28"]
[Round "7.14"]
[White "Gabaldon Gomez, Miguel A."]
[Black "Kuzev, Jordan"]
[Result "1/2-1/2"]
[WhiteElo "2181"]
[BlackElo "2277"]
[PlyCount "125"]
[EventDate "2002.11.22"]
[EventType "swiss"]
[EventRounds "9"]
[EventCountry "ESP"]
[Source "lmi"]
[SourceDate "2002.11.24"]

1. d4 Nf6 2. Nf3 g6 3. c4 Bg7 4. Nc3 d5 5. cxd5 Nxd5 6. e4 Nxc3 7. bxc3 O-O 8.
Be2 b6 9. Be3 Bb7 10. e5 Qd7 11. O-O c5 12. Qd2 cxd4 13. cxd4 Rd8 14. Bh6 Nc6
15. Bxg7 Kxg7 16. Rfd1 Na5 17. Qf4 Rac8 18. h4 Qf5 19. Qxf5 gxf5 20. Ne1 e6 21.
Bf3 Rc4 22. Bxb7 Nxb7 23. Nf3 Na5 24. Rdc1 b5 25. Kf1 Kf8 26. Rxc4 Nxc4 27. Ke2
Ke7 28. Rb1 Rd5 29. Kd3 Nb6 30. Rc1 Rd7 31. Rc5 a6 32. g3 h6 33. Rc6 Rb7 34. a3
a5 35. Nd2 Kd7 36. Rc5 Na4 37. Rc2 Rc7 38. Nb3 b4 39. Rxc7+ Kxc7 40. axb4 axb4
41. Nd2 Nb6 42. Nc4 Nd5 43. Nd6 h5 44. Kc4 f4 45. gxf4 Nxf4 46. Nxf7 Kc6 47.
Nd8+ Kd7 48. Nb7 Ng6 49. Nc5+ Ke7 50. Kxb4 Nxh4 51. Kc4 Nf3 52. Kd3 h4 53. Ke3
Ng1 54. Ne4 h3 55. Ng3 h2 56. f3 Nh3 57. Nh1 Kd7 58. f4 Kc6 59. Ke4 Ng1 60. f5
exf5+ 61. Kxf5 Nf3 62. Ke4 Ng5+ 63. Kf5 1/2-1/2

[Event "Benidorm 2002 - sub2300"]
[Site "Benidorm ESP"]
[Date "2002.11.28"]
[Round "7.15"]
[White "Ballesteros Gonzalez, David"]
[Black "Mirete Bernabe, Marco A."]
[Result "1-0"]
[WhiteElo "2277"]
[BlackElo "2190"]
[PlyCount "63"]
[EventDate "2002.11.22"]
[EventType "swiss"]
[EventRounds "9"]
[EventCountry "ESP"]
[Source "lmi"]
[SourceDate "2002.11.24"]

1. d4 d5 2. c4 c6 3. Nf3 Nf6 4. e3 e6 5. Nc3 Nbd7 6. cxd5 exd5 7. Bd3 Bd6 8.
O-O O-O 9. Qc2 Re8 10. Re1 Nf8 11. h3 g6 12. e4 dxe4 13. Nxe4 Nxe4 14. Bxe4 Ne6
15. Bh6 Bf4 16. Bxf4 Nxf4 17. Qd2 Qf6 18. Re3 Be6 19. Rae1 Red8 20. Qb4 Rab8
21. Ne5 Nd5 22. Bxd5 Bxd5 23. Nd7 Qg5 24. Rg3 Qxg3 25. Nf6+ Kg7 26. Nh5+ gxh5
27. fxg3 Rd7 28. Re5 Kg6 29. Qd2 f6 30. Qd3+ Kh6 31. Qf5 Rf7 32. Rxd5 1-0

[Event "Benidorm 2002 - sub2300"]
[Site "Benidorm ESP"]
[Date "2002.11.28"]
[Round "7.16"]
[White "Gonzalez Aguirre, Luis"]
[Black "Daude Puvill, Antonio"]
[Result "0-1"]
[WhiteElo "2232"]
[BlackElo "2178"]
[PlyCount "66"]
[EventDate "2002.11.22"]
[EventType "swiss"]
[EventRounds "9"]
[EventCountry "ESP"]
[Source "lmi"]
[SourceDate "2002.11.24"]

1. c4 d6 2. Nc3 e5 3. Nf3 c6 4. d4 Qc7 5. g3 Nf6 6. Bg2 Be6 7. b3 h6 8. O-O e4
9. Ne1 d5 10. Bf4 Qa5 11. Rc1 Bb4 12. Qc2 O-O 13. c5 Bxc3 14. Qxc3 Qxa2 15. Nc2
Qa6 16. Rfe1 b6 17. Nb4 Qb7 18. Bxb8 bxc5 19. Qxc5 Nd7 20. Qe7 Qxb8 21. Rxc6
Nf6 22. Na6 Qb5 23. Qc5 Qxb3 24. Nc7 Rab8 25. Nxe6 fxe6 26. Qxa7 Rb7 27. Qa6
Ng4 28. Rf1 Nxf2 29. Rxf2 Qe3 30. Bf3 exf3 31. exf3 Rb2 32. Qf1 Rxf3 33. Rc8+
Kh7 0-1

[Event "Benidorm 2002 - sub2300"]
[Site "Benidorm ESP"]
[Date "2002.11.28"]
[Round "7.17"]
[White "Anglada Lobarte, Jose Andres"]
[Black "Ramirez Gonzalez, Joan Albert"]
[Result "1-0"]
[WhiteElo "2231"]
[BlackElo "2173"]
[PlyCount "87"]
[EventDate "2002.11.22"]
[EventType "swiss"]
[EventRounds "9"]
[EventCountry "ESP"]
[Source "lmi"]
[SourceDate "2002.11.24"]

1. e4 c6 2. d4 d5 3. e5 Bf5 4. Nc3 Qb6 5. Na4 Qc7 6. c3 e6 7. f4 Nd7 8. Be3 Ne7
9. Nf3 f6 10. Bd3 fxe5 11. fxe5 b5 12. Nc5 Nxc5 13. dxc5 Ng6 14. O-O Bxd3 15.
Qxd3 Be7 16. Nd4 Qd7 17. b4 Rf8 18. a4 Rxf1+ 19. Kxf1 bxa4 20. Rxa4 Kf7 21. Bf2
Kg8 22. Nf3 Bd8 23. Ra6 Qb7 24. Bg3 Bc7 25. Kg1 Re8 26. Ra1 Bb8 27. h4 Ne7 28.
Nd4 Nf5 29. Nxf5 exf5 30. Qxf5 Rf8 31. Qe6+ Qf7 32. Qxc6 Qf5 33. Qxd5+ Kh8 34.
Re1 Bc7 35. Qe4 Qe6 36. Kh2 h6 37. c4 Rd8 38. b5 Rf8 39. Qd5 Qe7 40. Qc6 Rf5
41. b6 Bxe5 42. Qc8+ Rf8 43. Rxe5 Rxc8 44. Rxe7 1-0

[Event "Benidorm 2002 - sub2300"]
[Site "Benidorm ESP"]
[Date "2002.11.28"]
[Round "7.18"]
[White "Cantero Navarro, Antonio"]
[Black "Navarro Alonso, Jorge Luis"]
[Result "1-0"]
[WhiteElo "2221"]
[BlackElo "2156"]
[PlyCount "117"]
[EventDate "2002.11.22"]
[EventType "swiss"]
[EventRounds "9"]
[EventCountry "ESP"]
[Source "lmi"]
[SourceDate "2002.11.24"]

1. e4 e6 2. d4 c5 3. Nf3 cxd4 4. Nxd4 a6 5. Nc3 Qc7 6. g3 Nc6 7. Bg2 Nf6 8. O-O
Be7 9. Kh1 d6 10. f4 Bd7 11. Be3 O-O 12. Qf3 Nxd4 13. Bxd4 Bc6 14. g4 Nd7 15.
Qg3 b5 16. Rae1 b4 17. Nd1 e5 18. Be3 Qb7 19. Nf2 Rac8 20. Rg1 f6 21. f5 d5 22.
g5 fxg5 23. Bxg5 Bxg5 24. Qxg5 dxe4 25. Nxe4 Qc7 26. Re2 Nf6 27. Nc5 Rf7 28.
Ne6 Bxg2+ 29. Rexg2 Qb7 30. Nxg7 Kh8 31. Ne6 Rg8 32. Qxg8+ Nxg8 33. Nd8 Qxg2+
34. Kxg2 Rxf5 35. Nc6 e4 36. Rd1 e3 37. Rf1 Rc5 38. Nd4 e2 39. Re1 Ra5 40. Ra1
Rd5 41. c3 Nf6 42. Kf3 Rh5 43. cxb4 Rxh2 44. Nxe2 Rh5 45. a3 Rh3+ 46. Ng3 h5
47. Rh1 Rxh1 48. Nxh1 Kg7 49. Nf2 Kf7 50. Nh3 Ke6 51. b3 Kd5 52. Ke3 Ng4+ 53.
Kd3 Ne5+ 54. Kc3 Ng6 55. a4 h4 56. b5 Ne5 57. bxa6 Nc6 58. b4 Na7 59. Nf4+ 1-0

[Event "Benidorm 2002 - sub2300"]
[Site "Benidorm ESP"]
[Date "2002.11.28"]
[Round "7.19"]
[White "Coll Enriquez, Lluis"]
[Black "Frank, Albert"]
[Result "1-0"]
[WhiteElo "2214"]
[BlackElo "2043"]
[PlyCount "47"]
[EventDate "2002.11.22"]
[EventType "swiss"]
[EventRounds "9"]
[EventCountry "ESP"]
[Source "lmi"]
[SourceDate "2002.11.24"]

1. e4 c5 2. Nc3 Nc6 3. g3 g6 4. Bg2 Bg7 5. d3 e6 6. Be3 d6 7. Qd2 h5 8. h3 Nge7
9. Nge2 Nd4 10. O-O e5 11. f4 f5 12. fxe5 dxe5 13. Bg5 Be6 14. exf5 gxf5 15.
Bxb7 Rb8 16. Nxd4 Qxd4+ 17. Be3 Qd7 18. Bg2 f4 19. Bxc5 Nf5 20. gxf4 Bh6 21.
Rae1 Qg7 22. Ne4 exf4 23. Nd6+ Nxd6 24. Rxe6+ 1-0

[Event "Benidorm 2002 - sub2300"]
[Site "Benidorm ESP"]
[Date "2002.11.28"]
[Round "7.20"]
[White "Garcia Amoros, Pablo"]
[Black "Serra Olives, Tomas"]
[Result "1-0"]
[WhiteElo "2162"]
[BlackElo "2213"]
[PlyCount "60"]
[EventDate "2002.11.22"]
[EventType "swiss"]
[EventRounds "9"]
[EventCountry "ESP"]
[Source "lmi"]
[SourceDate "2002.11.24"]

1. e4 c5 2. Nf3 d6 3. d4 cxd4 4. Nxd4 Nf6 5. Nc3 a6 6. Bg5 e6 7. f4 Be7 8. Qf3
Qc7 9. O-O-O Nbd7 10. g4 b5 11. Bxf6 Nxf6 12. g5 Nd7 13. f5 Bxg5+ 14. Kb1 Ne5
15. Qh5 Qe7 16. Nxe6 Bxe6 17. fxe6 O-O 18. Nd5 Qd8 19. Bh3 g6 20. Qe2 Kh8 21.
Rhf1 fxe6 22. Rxf8+ Qxf8 23. Nc7 Rb8 24. Nxe6 Qf3 25. Qxf3 Nxf3 26. Rxd6 Re8
27. Rxa6 Nd2+ 28. Ka1 Nxe4 29. a4 b4 30. Bg2 b3 1-0

[Event "Benidorm 2002 - sub2300"]
[Site "Benidorm ESP"]
[Date "2002.11.29"]
[Round "8.1"]
[White "Buenafe Moya, Javier"]
[Black "Fontana Sotomayor, Luis J."]
[Result "1/2-1/2"]
[WhiteElo "2254"]
[BlackElo "2268"]
[PlyCount "32"]
[EventDate "2002.11.22"]
[EventType "swiss"]
[EventRounds "9"]
[EventCountry "ESP"]
[Source "lmi"]
[SourceDate "2002.11.24"]

1. e4 Nf6 2. e5 Nd5 3. d4 d6 4. c4 Nb6 5. exd6 exd6 6. Nc3 Be7 7. Bd3 Nc6 8.
Be3 Bf6 9. Nge2 O-O 10. a3 d5 11. c5 Nc4 12. Bxc4 dxc4 13. Qa4 Nxd4 14. Nxd4
Bxd4 15. Rd1 Bxc3+ 16. bxc3 Qf6 1/2-1/2

[Event "Benidorm 2002 - sub2300"]
[Site "Benidorm ESP"]
[Date "2002.11.29"]
[Round "8.2"]
[White "Gomez Anadon, Daniel"]
[Black "Taboas Rodriguez, Daniel"]
[Result "0-1"]
[WhiteElo "2218"]
[BlackElo "2298"]
[PlyCount "62"]
[EventDate "2002.11.22"]
[EventType "swiss"]
[EventRounds "9"]
[EventCountry "ESP"]
[Source "lmi"]
[SourceDate "2002.11.24"]

1. e4 e6 2. d4 d5 3. Nc3 Nf6 4. Bg5 Be7 5. e5 Ne4 6. Bxe7 Qxe7 7. Nxe4 dxe4 8.
Qe2 b6 9. O-O-O Bb7 10. Qg4 O-O 11. f3 c5 12. Ne2 Rd8 13. Ng3 Nd7 14. Nh5 g6
15. f4 cxd4 16. Rxd4 Kh8 17. Ng3 Nc5 18. Rxd8+ Rxd8 19. Bc4 Rd4 20. Qe2 Qh4 21.
Rf1 Qxh2 22. Qe3 Rxc4 23. b3 Nd3+ 24. Kb1 Rc8 25. cxd3 Qxg2 26. Rf2 Qg1+ 27.
Kb2 exd3 28. Nf1 Bg2 29. Qg3 Qxf2+ 30. Qxf2 Rc2+ 31. Qxc2 dxc2 0-1

[Event "Benidorm 2002 - sub2300"]
[Site "Benidorm ESP"]
[Date "2002.11.29"]
[Round "8.3"]
[White "Contreras Rodriguez, Henry"]
[Black "Lacrosse, Marc"]
[Result "1/2-1/2"]
[WhiteElo "2286"]
[BlackElo "2256"]
[PlyCount "107"]
[EventDate "2002.11.22"]
[EventType "swiss"]
[EventRounds "9"]
[EventCountry "ESP"]
[Source "lmi"]
[SourceDate "2002.11.24"]

1. e4 e5 2. Nf3 Nc6 3. d4 exd4 4. Nxd4 Bc5 5. Be3 Qf6 6. c3 Nge7 7. Bc4 Ne5 8.
Be2 Qg6 9. O-O d6 10. Nd2 Bh3 11. Bf3 O-O 12. Nc2 f5 13. Kh1 Nxf3 14. Qxf3 Bg4
15. Qf4 Be2 16. Rfc1 Bd3 17. Qh4 Rae8 18. Bxc5 dxc5 19. e5 f4 20. Ne1 Nc6 21.
Nef3 Nxe5 22. Nxe5 Rxe5 23. Re1 Rg5 24. Nf3 Rd5 25. Qe7 Qf7 26. Qh4 Qf6 27. Qg4
h6 28. h3 Qf5 29. Re7 Qxg4 30. hxg4 Rf7 31. Rae1 c4 32. Re8+ Rf8 33. R8e7 Rf7
34. Nd4 c5 35. Re8+ Kh7 36. Ne6 g5 37. Rc8 b6 38. Nd8 Rfd7 39. Re8 Bg6 40. Rf8
R5d6 41. Nc6 Re6 42. Rfd8 Rxd8 43. Nxd8 Re7 44. f3 Re1+ 45. Kh2 Re2 46. Rc7+
Kg8 47. Nc6 Bd3 48. Ne7+ Kf8 49. Nd5 Rxb2 50. Kg1 Rb1+ 51. Kh2 Rb2 52. Rxa7 Bf1
53. Nf6 Bxg2 54. Rd7 1/2-1/2